Special report (Record no. 82880)

MARC details
000 -LEADER
fixed length control field 00731cab a22001935a 4500
001 - CONTROL NUMBER
control field L152022
008 - FIXED-LENGTH DATA ELEMENTS--GENERAL INFORMATION
fixed length control field 110125e20110120xxk 000 0 eng d
035 ## - SYSTEM CONTROL NUMBER
System control number (Sirsi) u152022
041 0# - LANGUAGE CODE
Language code of text/sound track or separate title eng
100 1# - MAIN ENTRY--PERSONAL NAME
Personal name Boley, James
245 00 - TITLE STATEMENT
Title Special report
Remainder of title site safety, drugs at work
260 ## - PUBLICATION, DISTRIBUTION, ETC.
Date of publication, distribution, etc. 2011
490 ## - SERIES STATEMENT
Series statement Construction News
Volume/sequential designation (7201) 20 January 2011, 28(1)
520 ## - SUMMARY, ETC.
Summary, etc. Staff taking illegal drugs at weekends can still pose a safety threat during the working week; there are no legal requirements to test for drugs in the construction industry; contractors need to make sure their drugs and alcohol policy is up to date.
590 ## - LOCAL NOTE (RLIN)
Local note KA
651 #4 - SUBJECT ADDED ENTRY--GEOGRAPHIC NAME
Geographic name United Kingdom
Chronological subdivision
690 ## - LOCAL SUBJECT ADDED ENTRY--TOPICAL TERM (OCLC, RLIN)
Topical term or geographic name as entry element Health and safety
9 (RLIN) 6244
942 ## - ADDED ENTRY ELEMENTS (KOHA)
Suppress in OPAC 0
Holdings
Withdrawn status Lost status Source of classification or shelving scheme Damaged status Not for loan Home library Current library Shelving location Date acquired Total Checkouts Full call number Barcode Date last seen Copy number Price effective from Koha item type
    Dewey Decimal Classification     London London Journal article 25/01/2011   L152022 152022-1001 06/08/2019 1 06/08/2019 Journal article